[Event "4NCL/Div2/ATH vs. RIC"]
[Site "Birmingham ENG"]
[Date "2001.11.25"]
[Round "4.6"]
[White "Phillips, Roy"]
[Black "Milligan, Helen"]
[Result "1/2-1/2"]
[WhiteElo "2228"]
[BlackElo "2117"]
[PlyCount "107"]
[EventDate "2001.11.25"]
[SourceDate "2001.01.01"]

1. e4 c5 2. c3 d5 3. exd5 Qxd5 4. d4 Nc6 5. Nf3 Bg4 6. Be2 e6 7. Be3 cxd4 8.
cxd4 Nf6 9. O-O Be7 10. Nc3 Qd6 11. a3 O-O 12. Qb3 a6 13. Rad1 Na5 14. Qa4 Nc6
15. h3 Bh5 16. Qb3 Rfd8 17. Rc1 Na5 18. Qa2 Rac8 19. b4 Nc6 20. Na4 Nd7 21. Nc5
Nxc5 22. dxc5 Qc7 23. Qc4 Bxf3 24. Bxf3 Ne5 25. Qe4 Nxf3+ 26. Qxf3 Qc6 27. Qxc6
bxc6 28. Rfd1 Rxd1+ 29. Rxd1 Rd8 30. Rxd8+ Bxd8 31. Kf1 Kf8 32. Ke2 Ke8 33. Kd3
Kd7 34. Bd4 g6 35. Kc4 Bc7 36. a4 e5 37. Be3 f5 38. f3 Ke6 39. b5 axb5+ 40.
axb5 cxb5+ 41. Kxb5 Kd5 42. c6 e4 43. fxe4+ fxe4 44. g4 h5 45. Bc5 hxg4 46.
hxg4 Bd8 47. Bf2 Bc7 48. Be3 Bd8 49. g5 Bc7 50. Bf2 Bf4 51. Bc5 Bc7 52. Be3 Bg3
53. Bf2 Bc7 54. Be3 1/2-1/2

[Event "4NCL/Div2/ATH vs. RIC"]
[Site "Birmingham ENG"]
[Date "2001.11.25"]
[Round "4.7"]
[White "Gruettner, Ralf"]
[Black "Nixon, Thomas CM"]
[Result "0-1"]
[WhiteElo "2058"]
[BlackElo "2160"]
[PlyCount "116"]
[EventDate "2001.11.25"]
[SourceDate "2001.01.01"]

1. e4 e5 2. Nf3 Nc6 3. Nc3 Nf6 4. d4 exd4 5. Nd5 Nxd5 6. exd5 Bb4+ 7. Bd2 Qe7+
8. Be2 d3 9. cxd3 Bxd2+ 10. Qxd2 Nb4 11. O-O Nxd5 12. Rfe1 O-O 13. d4 Qf6 14.
Bc4 Nf4 15. Re4 Ng6 16. Ne5 c6 17. Nxg6 hxg6 18. Rae1 d5 19. Rf4 Qd6 20. Bd3
Bd7 21. Rf3 Rfe8 22. Rfe3 Re6 23. Rxe6 Bxe6 24. h3 b6 25. b4 Rc8 26. Bb1 Rc7
27. Qg5 Re7 28. a3 Re8 29. h4 Qe7 30. Qg3 Rc8 31. h5 gxh5 32. Re5 h4 33. Qe3
Qf6 34. f4 Rf8 35. Qf2 Qh6 36. Qf3 f5 37. Qe3 Rf6 38. Ba2 Rg6 39. Kh2 Rg3 40.
Qf2 Rg4 41. Qe3 Rg3 42. Qe1 Qg6 43. Re2 Bf7 44. b5 Qg4 45. Qf1 cxb5 46. Bb1
Rxa3 47. Re5 g6 48. Re7 h3 49. gxh3 Qg3+ 50. Kh1 Qxh3+ 51. Qxh3 Rxh3+ 52. Kg2
Rb3 53. Re1 a5 54. Kf2 a4 55. Ba2 Rb2+ 56. Re2 Rxe2+ 57. Kxe2 b4 58. Kd2 b3 0-1

[Event "4NCL/Div2/ATH vs. RIC"]
[Site "Birmingham ENG"]
[Date "2001.11.25"]
[Round "4.8"]
[White "Wilson, Alexandra"]
[Black "McDonnell, James"]
[Result "1/2-1/2"]
[WhiteElo "1664"]
[BlackElo "2050"]
[PlyCount "78"]
[EventDate "2001.11.25"]
[SourceDate "2001.01.01"]

1. e4 c5 2. Nf3 Nc6 3. c3 d5 4. exd5 Qxd5 5. d4 Bg4 6. Be2 e6 7. O-O cxd4 8.
cxd4 Nf6 9. Nc3 Qa5 10. Qb3 Qb4 11. Qxb4 Bxb4 12. Be3 O-O 13. Rac1 Rfd8 14.
Rfd1 a6 15. h3 Bh5 16. g4 Bg6 17. Ne5 Ne7 18. Bf3 Nfd5 19. Nxd5 Nxd5 20. Bxd5
Rxd5 21. Rc7 Bd6 22. Nxg6 Bxc7 23. Ne7+ Kf8 24. Nxd5 exd5 25. Rc1 Bd6 26. Kf1
Ke7 27. Ke2 Kd7 28. Kd3 Rf8 29. Rg1 g6 30. Bh6 Re8 31. f3 f6 32. Bd2 Rf8 33.
Re1 f5 34. g5 Bg3 35. Re2 f4 36. Be1 Rf5 37. h4 Rf8 38. Re5 Bxe1 39. Rxe1 Kd6
1/2-1/2

[Event "4NCL/Div2/BGR3 vs. SLO2"]
[Site "Birmingham ENG"]
[Date "2001.11.25"]
[Round "4.1"]
[White "Cooper, Andrew G"]
[Black "Devereaux, Maxim"]
[Result "1/2-1/2"]
[WhiteElo "2182"]
[BlackElo "2282"]
[PlyCount "37"]
[EventDate "2001.11.25"]
[SourceDate "2001.01.01"]

1. d4 d5 2. c4 c6 3. Nf3 Nf6 4. Nc3 dxc4 5. a4 Bf5 6. e3 e6 7. Bxc4 Bb4 8. O-O
O-O 9. Qb3 Qe7 10. Ne5 Nbd7 11. Nxd7 Nxd7 12. Na2 Bd6 13. Qxb7 Rab8 14. Qa6 Be4
15. Bd3 Bxh2+ 16. Kxh2 Qh4+ 17. Kg1 Bxg2 18. Kxg2 Qg4+ 19. Kh2 1/2-1/2

[Event "4NCL/Div2/BGR3 vs. SLO2"]
[Site "Birmingham ENG"]
[Date "2001.11.25"]
[Round "4.2"]
[White "Tarifa, Alket"]
[Black "Lock, Gavin R"]
[Result "1/2-1/2"]
[WhiteElo "2249"]
[BlackElo "2153"]
[PlyCount "112"]
[EventDate "2001.11.25"]
[SourceDate "2001.01.01"]

1. e4 e6 2. d4 d5 3. Nd2 c5 4. Ngf3 Nf6 5. e5 Nfd7 6. c3 Nc6 7. Be2 cxd4 8.
cxd4 Qb6 9. Nb3 a5 10. a4 Bb4+ 11. Kf1 O-O 12. Be3 f6 13. exf6 Nxf6 14. h3 Bd7
15. g3 Bd6 16. Kg2 Ne4 17. Nbd2 Rac8 18. Nxe4 dxe4 19. Nd2 Nb4 20. Nxe4 Nc2 21.
Nxd6 Qxd6 22. Qd2 Bc6+ 23. Kh2 Nxa1 24. Rxa1 Qd5 25. Rg1 Bxa4 26. Bd3 Rfd8 27.
Qe2 Bb3 28. Qg4 Bc2 29. Be2 Bf5 30. Qf4 Qe4 31. Qg5 h6 32. Qh5 Rc2 33. Re1 Qd5
34. b3 Qxb3 35. Bd1 Qc3 36. Bxc2 Qxc2 37. Rc1 Qe4 38. Rc7 Bg6 39. Qxa5 Rd5 40.
Qb4 Qf5 41. Qxb7 Qf6 42. Rc8+ Rd8 43. Rc7 Bd3 44. Qb4 Be4 45. Qe7 Qxe7 46. Rxe7
Bd5 47. g4 Rf8 48. f4 Rf7 49. Re8+ Rf8 50. Rxf8+ Kxf8 51. f5 exf5 52. gxf5 Be4
53. f6 h5 54. fxg7+ Kxg7 55. Kg3 Kf6 56. Kf4 Bg2 1/2-1/2

[Event "4NCL/Div2/BGR3 vs. SLO2"]
[Site "Birmingham ENG"]
[Date "2001.11.25"]
[Round "4.3"]
[White "Gunter, David W.W"]
[Black "Richmond, Robert J"]
[Result "1-0"]
[WhiteElo "2136"]
[BlackElo "2234"]
[PlyCount "49"]
[EventDate "2001.11.25"]
[SourceDate "2001.01.01"]

1. d4 f5 2. Nf3 Nf6 3. Bf4 g6 4. e3 Bg7 5. h3 O-O 6. Be2 d6 7. O-O Qe8 8. c4
Nbd7 9. Nc3 a6 10. Bh2 h6 11. b4 Kh7 12. a4 e5 13. Qb3 g5 14. Nd5 Nxd5 15. cxd5
e4 16. Nd2 Nf6 17. b5 b6 18. a5 bxa5 19. Rxa5 Rb8 20. Qc2 axb5 21. Qxc7 Qd8 22.
Bxd6 Qxc7 23. Bxc7 Rb7 24. d6 Bd7 25. Nb3 1-0

[Event "4NCL/Div2/BGR3 vs. SLO2"]
[Site "Birmingham ENG"]
[Date "2001.11.25"]
[Round "4.4"]
[White "de Coverly, Roger"]
[Black "Howell, Christopher I"]
[Result "1-0"]
[WhiteElo "2106"]
[BlackElo "2160"]
[PlyCount "81"]
[EventDate "2001.11.25"]
[SourceDate "2001.01.01"]

1. d4 c5 2. d5 d6 3. Nc3 e6 4. e4 Nf6 5. Bb5+ Bd7 6. a4 a6 7. Bxd7+ Nbxd7 8.
Nf3 e5 9. O-O Be7 10. g3 O-O 11. Nh4 g6 12. Ng2 b5 13. Bh6 b4 14. Bxf8 Qxf8 15.
Nb1 Nxe4 16. Nd2 Nxd2 17. Qxd2 f5 18. c3 a5 19. f4 e4 20. Qe2 Qb8 21. g4 bxc3
22. bxc3 Qb3 23. gxf5 Qxd5 24. fxg6 hxg6 25. Ne3 Qe6 26. f5 gxf5 27. Rxf5 Nf6
28. Nd5 Kh8 29. Nxe7 Qxe7 30. Raf1 e3 31. Rxf6 Rg8+ 32. Kh1 Qe4+ 33. R6f3 Rf8
34. Kg1 Rg8+ 35. Rg3 Rxg3+ 36. hxg3 d5 37. Qh5+ Kg8 38. Qf7+ Kh8 39. Qf8+ Kh7
40. Rf7+ Kg6 41. Rg7+ 1-0

[Event "4NCL/Div2/BGR3 vs. SLO2"]
[Site "Birmingham ENG"]
[Date "2001.11.25"]
[Round "4.5"]
[White "Stille, Alexander M"]
[Black "McGowan, Daniel"]
[Result "1/2-1/2"]
[WhiteElo "1848"]
[BlackElo "2024"]
[PlyCount "51"]
[EventDate "2001.11.25"]
[SourceDate "2001.01.01"]

1. e4 e6 2. d4 d5 3. Nd2 c5 4. exd5 Qxd5 5. Ngf3 cxd4 6. Nb3 Nf6 7. Qxd4 Nc6 8.
Qxd5 Nxd5 9. Bb5 Bd7 10. O-O Be7 11. c3 O-O 12. Rd1 Rfd8 13. Bg5 Bxg5 14. Nxg5
Ne5 15. Bf1 Nf6 16. Nd4 a6 17. g3 h6 18. Ngf3 Nxf3+ 19. Nxf3 Bc6 20. Ne5 Be4
21. Bg2 Bxg2 22. Kxg2 Rac8 23. c4 Kf8 24. b3 Ke7 25. f3 Nd7 26. Rxd7+ 1/2-1/2

[Event "4NCL/Div2/BGR3 vs. SLO2"]
[Site "Birmingham ENG"]
[Date "2001.11.25"]
[Round "4.6"]
[White "Keevil, Paul"]
[Black "Barraclough, David"]
[Result "1-0"]
[WhiteElo "2100"]
[BlackElo "1576"]
[PlyCount "133"]
[EventDate "2001.11.25"]
[SourceDate "2001.01.01"]

1. Nf3 Nf6 2. d4 g6 3. e3 Bg7 4. c4 d6 5. Be2 O-O 6. Nc3 Nc6 7. d5 Nb8 8. e4
Nbd7 9. Be3 Nc5 10. Nd2 a5 11. h4 e5 12. Bxc5 dxc5 13. h5 Qe7 14. hxg6 fxg6 15.
Qb3 b6 16. O-O-O Bd7 17. a4 Ng4 18. Bxg4 Bxg4 19. f3 Bd7 20. Nb5 Bxb5 21. cxb5
Rf7 22. Rh2 h5 23. Nc4 Bh6+ 24. Kb1 Kg7 25. Rdh1 Bg5 26. Qc3 Bf6 27. Ka2 Rd8
28. Rd1 Kf8 29. Kb3 Kg7 30. Ka2 Kf8 31. Ka3 Kg7 32. Kb3 Kf8 33. Kc2 Kg7 34. Kb1
Kf8 35. Rd3 Kg7 36. Kc2 Kf8 37. Kb3 Kg7 38. Ka2 Rd7 39. Rh1 Rd8 40. Kb1 Qe8 41.
Rhd1 Qe7 42. d6 Qe6 43. dxc7 Rd4 44. Nxb6 Rxc7 45. Qxa5 c4 46. Rxd4 exd4 47.
Nd5 Rd7 48. Qb4 Rxd5 49. exd5 Qf5+ 50. Ka2 Qxd5 51. b6 c3+ 52. Qb3 Qb7 53. bxc3
dxc3 54. Rc1 Kh7 55. a5 Bg7 56. Rxc3 Bxc3 57. Qxc3 Qd5+ 58. Kb2 Qb5+ 59. Ka3
Kh6 60. Qb4 Qd3+ 61. Ka4 Qd1+ 62. Kb5 Qd5+ 63. Qc5 Qb3+ 64. Ka6 Qd3+ 65. Ka7
Qd7+ 66. b7 Kh7 67. Ka8 1-0

[Event "4NCL/Div2/BGR3 vs. SLO2"]
[Site "Birmingham ENG"]
[Date "2001.11.25"]
[Round "4.7"]
[White "McIntosh, Doreen"]
[Black "Jeffries, Majid"]
[Result "0-1"]
[WhiteElo "1304"]
[BlackElo "2020"]
[PlyCount "68"]
[EventDate "2001.11.25"]
[SourceDate "2001.01.01"]

1. d4 Nf6 2. c4 e6 3. Nc3 Bb4 4. Bg5 h6 5. Bh4 d5 6. cxd5 exd5 7. e3 Nbd7 8.
Bd3 c6 9. Nge2 Nf8 10. O-O g5 11. Bg3 Bd6 12. f3 Be6 13. Qc2 h5 14. h3 Rg8 15.
e4 Bxg3 16. Nxg3 dxe4 17. fxe4 Qxd4+ 18. Kh1 Rd8 19. Rad1 Qe5 20. Nf5 Ng6 21.
Qf2 Nf4 22. Bb1 b6 23. Rxd8+ Kxd8 24. Rd1+ Kc7 25. Nd4 Rd8 26. Bc2 Kb7 27. Nf3
Rxd1+ 28. Bxd1 Qa5 29. Qd4 Ne8 30. Nxg5 Qxg5 31. Bf3 Ng6 32. e5 Nxe5 33. Ne4
Nxf3 34. gxf3 Qf5 0-1

[Event "4NCL/Div2/BGR3 vs. SLO2"]
[Site "Birmingham ENG"]
[Date "2001.11.25"]
[Round "4.8"]
[White "Houska, Mario"]
[Black "Barraclough, Stephanie"]
[Result "1-0"]
[WhiteElo "1600"]
[BlackElo "1296"]
[PlyCount "113"]
[EventDate "2001.11.25"]
[SourceDate "2001.01.01"]

1. e4 d5 2. e5 c5 3. f4 Bf5 4. Nf3 Nc6 5. Be2 e6 6. O-O Qb6 7. Kh1 Be7 8. a3 f6
9. c3 Nh6 10. exf6 Bxf6 11. Ng5 O-O 12. a4 a6 13. Na3 Nf7 14. Nxf7 Rxf7 15. Nc2
d4 16. Bc4 Kh8 17. Ra3 Re7 18. Ba2 Bg6 19. d3 Rd8 20. c4 Rde8 21. Bd2 e5 22. b4
cxb4 23. Nxb4 Nxb4 24. Bxb4 Qxb4 25. Rb3 Qxa4 26. f5 Bf7 27. Qb1 Qc6 28. Rb6
Qc7 29. Qb4 Rb8 30. Bb1 Be8 31. Ba2 Bc6 32. Rb1 Ree8 33. h3 Qe7 34. c5 Bg5 35.
Be6 Ra8 36. Qa5 Bf4 37. Qe1 Qg5 38. Qf2 Qh5 39. Rxc6 bxc6 40. Qf3 Qxf3 41. gxf3
a5 42. Bd7 Rf8 43. Bxc6 Rac8 44. Be4 Rxc5 45. Ra1 Bd2 46. Ra2 Bc3 47. Kg2 Rc7
48. Kg3 Ra7 49. Ra4 Rb8 50. f4 exf4+ 51. Kxf4 Rb4 52. Ra2 a4 53. Bc6 a3 54. Re2
h6 55. Bd5 Rb2 56. Re8+ Kh7 57. Bg8+ 1-0

[Event "4NCL/Div2/NWE vs. BAR3"]
[Site "Birmingham ENG"]
[Date "2002.01.19"]
[Round "5.1"]
[White "Shaw, John"]
[Black "Trent, Lawrence"]
[Result "1/2-1/2"]
[WhiteElo "2506"]
[BlackElo "2208"]
[PlyCount "82"]
[EventDate "2002.01.19"]
[SourceDate "2001.01.01"]

1. e4 e5 2. Nf3 Nc6 3. Bb5 g6 4. d4 exd4 5. Bg5 Be7 6. Bxe7 Qxe7 7. Bxc6 dxc6
8. Qxd4 Nf6 9. Nc3 Bg4 10. O-O-O Bxf3 11. gxf3 O-O 12. f4 Nh5 13. f5 a6 14. Qe3
Qe5 15. Ne2 Rfe8 16. Ng3 Nf6 17. f3 Nd5 18. Qd4 Qxd4 19. Rxd4 Nb6 20. Rhd1 f6
21. b3 Kf7 22. c4 c5 23. R4d2 Re7 24. h4 Rh8 25. Kc2 Nc8 26. Rd8 Rxd8 27. Rxd8
Nd6 28. fxg6+ hxg6 29. Kd3 f5 30. exf5 Nxf5 31. Nxf5 gxf5 32. Rh8 Kg7 33. Rh5
Kf6 34. f4 a5 35. Rh6+ Kg7 36. Rh5 Kf6 37. Rh8 Kg7 38. Rb8 b6 39. Rc8 Kg6 40.
Rf8 Rh7 41. Rg8+ Kf6 1/2-1/2

[Event "4NCL/Div2/NWE vs. BAR3"]
[Site "Birmingham ENG"]
[Date "2002.01.19"]
[Round "5.3"]
[White "Littlewood, John E"]
[Black "Taylor, Peter"]
[Result "1/2-1/2"]
[WhiteElo "2305"]
[BlackElo "2229"]
[PlyCount "40"]
[EventDate "2002.01.19"]
[SourceDate "2001.01.01"]

1. e4 c6 2. d3 d5 3. Nd2 e5 4. Ngf3 Bd6 5. g3 Nf6 6. Bg2 O-O 7. O-O Re8 8. Re1
Nbd7 9. b3 a5 10. a4 b6 11. Bb2 Bb7 12. d4 Nxe4 13. Nxe4 dxe4 14. Nxe5 Nxe5 15.
dxe5 Bxe5 16. Bxe5 Rxe5 17. Bxe4 Qxd1 18. Raxd1 Rae8 19. f4 R5e7 20. Kf2 g6
1/2-1/2

[Event "4NCL/Div2/NWE vs. BAR3"]
[Site "Birmingham ENG"]
[Date "2002.01.19"]
[Round "5.4"]
[White "Rich, Mark"]
[Black "Lund, D. Brett"]
[Result "1/2-1/2"]
[WhiteElo "2180"]
[BlackElo "2283"]
[PlyCount "55"]
[EventDate "2002.01.19"]
[SourceDate "2001.01.01"]

1. e4 c5 2. Nc3 Nc6 3. g3 g6 4. Bg2 Bg7 5. d3 e5 6. Be3 d6 7. Nge2 Nge7 8. Qd2
Nd4 9. O-O O-O 10. f4 Be6 11. Nd5 Nxd5 12. exd5 Bg4 13. Nc3 f5 14. Rae1 Qd7 15.
h3 Bh5 16. a4 Rae8 17. b3 b6 18. Kh2 a6 19. Na2 b5 20. axb5 axb5 21. Nc1 exf4
22. gxf4 b4 23. Bxd4 Bxd4 24. Ne2 Be3 25. Qd1 g5 26. fxg5 Qg7 27. Bf3 Bxf3 28.
Rxf3 1/2-1/2

[Event "4NCL/Div2/NWE vs. BAR3"]
[Site "Birmingham ENG"]
[Date "2002.01.19"]
[Round "5.5"]
[White "Charleshouse, Glenn L"]
[Black "Hodgson, John H"]
[Result "1-0"]
[WhiteElo "2309"]
[BlackElo "2195"]
[PlyCount "81"]
[EventDate "2002.01.19"]
[SourceDate "2001.01.01"]

1. e4 c5 2. Nf3 d6 3. Bb5+ Nc6 4. O-O Bd7 5. Re1 a6 6. Bf1 g6 7. c3 Bg4 8. d3
e5 9. Nbd2 Bh6 10. h3 Bxf3 11. Nxf3 Bxc1 12. Rxc1 Nf6 13. d4 Qc7 14. b4 O-O 15.
bxc5 dxc5 16. d5 Rad8 17. Rb1 Na7 18. Qb3 b5 19. a4 c4 20. Qa3 Rfe8 21. axb5
axb5 22. Qa6 Rd6 23. Qa3 Rdd8 24. Rb2 Rb8 25. Qa6 Rb6 26. Qa5 Rb7 27. Qb4 Rbb8
28. Ra2 Rb6 29. Nd2 Nd7 30. Rea1 Nc8 31. Ra8 Rb8 32. g3 Kg7 33. h4 Qd6 34. Qb2
Rxa8 35. Rxa8 Qc5 36. Ra5 Nd6 37. Qa1 Nb6 38. Ra6 Na4 39. Rc6 Qxc6 40. dxc6 Rc8
41. Nxc4 1-0

[Event "4NCL/Div2/NWE vs. BAR3"]
[Site "Birmingham ENG"]
[Date "2002.01.19"]
[Round "5.6"]
[White "Galloway, Iain"]
[Black "Kennaugh, Charles W"]
[Result "0-1"]
[WhiteElo "2135"]
[BlackElo "2255"]
[PlyCount "38"]
[EventDate "2002.01.19"]
[SourceDate "2001.01.01"]

1. e4 e5 2. Nf3 Nc6 3. Nc3 Nf6 4. d4 exd4 5. Nd5 Nb4 6. Bc4 Nbxd5 7. exd5 Bb4+
8. Kf1 c5 9. a3 Ba5 10. b4 b5 11. Ba2 Bb6 12. bxc5 Bxc5 13. Nxd4 O-O 14. Bb2
Re8 15. h4 Ne4 16. Rh3 d6 17. g4 Qf6 18. Rh2 Qf4 19. Rg2 Nd2+ 0-1

[Event "4NCL/Div2/NWE vs. BAR3"]
[Site "Birmingham ENG"]
[Date "2002.01.19"]
[Round "5.7"]
[White "Tebb, David J"]
[Black "Karayiannis, Costas"]
[Result "1/2-1/2"]
[WhiteElo "2244"]
[BlackElo "2157"]
[PlyCount "74"]
[EventDate "2002.01.19"]
[SourceDate "2001.01.01"]

1. e4 c5 2. Nf3 Nc6 3. d4 cxd4 4. Nxd4 Nf6 5. Nc3 e5 6. Ndb5 d6 7. Bg5 a6 8.
Na3 b5 9. Bxf6 gxf6 10. Nd5 Bg7 11. Bd3 Ne7 12. Nxe7 Qxe7 13. O-O O-O 14. c4 f5
15. Qh5 Rb8 16. exf5 e4 17. Rae1 Bb7 18. f3 d5 19. fxe4 dxe4 20. Qg4 h5 21. Qg3
Kh8 22. f6 Bxf6 23. Rf5 Bg7 24. Rxh5+ Kg8 25. cxb5 axb5 26. Bxb5 Rbc8 27. Rg5
Qf6 28. Nc4 Qd4+ 29. Ne3 Rc5 30. Rd1 Rxg5 31. Qxg5 Qxb2 32. Nf5 Qf6 33. Qxg7+
Qxg7 34. Nxg7 Kxg7 35. Kf2 Rc8 36. Ba4 Rc3 37. Re1 Bd5 1/2-1/2

[Event "4NCL/Div2/NWE vs. BAR3"]
[Site "Birmingham ENG"]
[Date "2002.01.19"]
[Round "5.8"]
[White "Macnab, Louise C"]
[Black "Summerscale, Claire E"]
[Result "1/2-1/2"]
[WhiteElo "1665"]
[BlackElo "2031"]
[PlyCount "70"]
[EventDate "2002.01.19"]
[SourceDate "2001.01.01"]

1. d4 d5 2. Nf3 Nf6 3. g3 c5 4. Bg2 Nc6 5. O-O Bg4 6. c4 e6 7. dxc5 Bxc5 8. Bg5
d4 9. Nbd2 d3 10. Ne4 dxe2 11. Qxe2 Nd4 12. Qd1 Nxf3+ 13. Bxf3 Qxd1 14. Nxf6+
gxf6 15. Bxd1 fxg5 16. Bxg4 O-O-O 17. Rfd1 Bd4 18. Rab1 Rd6 19. b3 Rhd8 20. Kg2
Kc7 21. Be2 Bc5 22. Rxd6 Rxd6 23. Rd1 f5 24. Bf3 b6 25. Kf1 Rxd1+ 26. Bxd1 Kd6
27. Ke2 Ke5 28. f3 a6 29. Kd3 Bg1 30. h3 Bf2 31. g4 Kf4 32. Ke2 Bc5 33. Bc2 h6
34. Bb1 a5 35. Bc2 Bd4 1/2-1/2

[Event "4NCL/Div2/ATH vs. SWD1"]
[Site "Birmingham ENG"]
[Date "2002.01.19"]
[Round "5.1"]
[White "van Voorthuijsen, Pieter W"]
[Black "Cobb, James E"]
[Result "1/2-1/2"]
[WhiteElo "2324"]
[BlackElo "2324"]
[PlyCount "91"]
[EventDate "2002.01.19"]
[SourceDate "2001.01.01"]

1. d4 Nf6 2. c4 e6 3. g3 c5 4. d5 exd5 5. cxd5 d6 6. Nc3 g6 7. Bg2 Bg7 8. Nf3
O-O 9. O-O Re8 10. h3 a6 11. a4 Nbd7 12. Bf4 Qc7 13. Re1 Ne4 14. Nxe4 Rxe4 15.
Nd2 Rb4 16. b3 Ne5 17. Qc2 Bd7 18. Rac1 Rc8 19. Bxe5 Bxe5 20. Nc4 Bg7 21. a5
Rxc4 22. bxc4 Qxa5 23. h4 b5 24. h5 b4 25. Qd3 Qd8 26. f4 a5 27. e4 Bd4+ 28.
Kh2 Qf6 29. Qf3 a4 30. Bh3 Bxh3 31. Kxh3 b3 32. Rb1 Rb8 33. Red1 Ra8 34. Kg2 a3
35. Rxb3 a2 36. Ra3 Rxa3 37. Qxa3 a1=Q 38. Rxa1 Bxa1 39. e5 Bxe5 40. h6 Qe7 41.
fxe5 dxe5 42. Qa6 Qf8 43. d6 Qxh6 44. Qc8+ Kg7 45. d7 Qd2+ 46. Kg1 1/2-1/2

[Event "4NCL/Div2/ATH vs. SWD1"]
[Site "Birmingham ENG"]
[Date "2002.01.19"]
[Round "5.2"]
[White "Cooper, John G"]
[Black "Wade, Robert G"]
[Result "1-0"]
[WhiteElo "2333"]
[BlackElo "2224"]
[PlyCount "79"]
[EventDate "2002.01.19"]
[SourceDate "2001.01.01"]

1. d4 d5 2. c4 e6 3. Nf3 c5 4. cxd5 exd5 5. g3 Nc6 6. Bg2 Nf6 7. O-O Be7 8. Nc3
O-O 9. Bg5 cxd4 10. Nxd4 h6 11. Be3 Be6 12. Qa4 Ne5 13. Rad1 Nc4 14. Bc1 Qb6
15. Bxd5 Nxb2 16. Bxb2 Qxb2 17. Nxe6 fxe6 18. Bxe6+ Kh8 19. Qc4 Qb4 20. Rd4 Qa5
21. Rb1 b6 22. Rb5 Qa3 23. Nb1 Qa6 24. e4 Rad8 25. Rxd8 Rxd8 26. Nc3 Qa3 27. e5
Qc1+ 28. Kg2 Ne8 29. Rd5 Rxd5 30. Bxd5 Bc5 31. Qd3 Qb2 32. Qf3 Nc7 33. Bb3 Qd2
34. Qf7 Qd8 35. Ne4 Bd4 36. e6 Nd5 37. Qxa7 Nc7 38. Qa3 Nb5 39. Qb4 Qe8 40. e7
1-0

[Event "4NCL/Div2/ATH vs. SWD1"]
[Site "Birmingham ENG"]
[Date "2002.01.19"]
[Round "5.3"]
[White "Milligan, Helen"]
[Black "Zeidler, Sven P"]
[Result "0-1"]
[WhiteElo "2130"]
[BlackElo "2277"]
[PlyCount "70"]
[EventDate "2002.01.19"]
[SourceDate "2001.01.01"]

1. e4 d5 2. exd5 Qxd5 3. Nc3 Qa5 4. d4 Nf6 5. Nf3 Bg4 6. h3 Bh5 7. g4 Bg6 8.
Ne5 e6 9. h4 Nbd7 10. Nc4 Qa6 11. h5 Be4 12. Rh4 Bg2 13. Bxg2 Qxc4 14. g5 Nd5
15. Nxd5 exd5 16. Qe2+ Qxe2+ 17. Kxe2 c6 18. Be3 Be7 19. Rah1 O-O 20. h6 g6 21.
f4 Rae8 22. Kd3 Nb6 23. Bd2 Nc4 24. b3 Nxd2 25. Kxd2 f6 26. gxf6 Bxf6 27. Rg4
Bxd4 28. Rf1 Rf5 29. a4 Bc5 30. Rf3 Bd6 31. Bf1 Re4 32. Bd3 Rfxf4 33. Rgxf4
Rxf4 34. Rh3 Be7 35. Ke2 Kf7 0-1

[Event "4NCL/Div2/ATH vs. SWD1"]
[Site "Birmingham ENG"]
[Date "2002.01.19"]
[Round "5.4"]
[White "Dineley, Richard D.P"]
[Black "Spivack, Simon"]
[Result "1/2-1/2"]
[WhiteElo "2284"]
[BlackElo "2182"]
[PlyCount "90"]
[EventDate "2002.01.19"]
[SourceDate "2001.01.01"]

1. e4 c5 2. Nf3 Nc6 3. d4 cxd4 4. Nxd4 Qb6 5. Nb3 Nf6 6. Nc3 e6 7. Bd3 Be7 8.
Be3 Qc7 9. f4 d6 10. O-O a6 11. Qf3 O-O 12. Rae1 Nb4 13. Kh1 Nxd3 14. cxd3 b5
15. Rc1 Qb8 16. Nd4 Bb7 17. Qh3 Re8 18. Nce2 Bf8 19. Ng1 Qd8 20. Ngf3 Rc8 21.
Rxc8 Qxc8 22. Rc1 Qd7 23. Qh4 Rc8 24. Qe1 Rxc1 25. Qxc1 Ng4 26. Bg1 f5 27. Ng5
fxe4 28. Ngxe6 exd3 29. Qd1 Nf6 30. Qxd3 Be4 31. Qg3 d5 32. Nxf8 Kxf8 33. h3
Kf7 34. Kh2 Qc7 35. Be3 g6 36. Qg5 Qd6 37. a3 Nh5 38. Qh6 Kg8 39. Bd2 Qf6 40.
Be3 Qh4 41. Qg5 Qxg5 42. fxg5 Ng7 43. g4 Kf7 44. Kg3 Ne6 45. h4 Nxd4 1/2-1/2

[Event "4NCL/Div2/ATH vs. SWD1"]
[Site "Birmingham ENG"]
[Date "2002.01.19"]
[Round "5.5"]
[White "Stevenson, James A.B"]
[Black "James, David J"]
[Result "1/2-1/2"]
[WhiteElo "2151"]
[BlackElo "2247"]
[PlyCount "114"]
[EventDate "2002.01.19"]
[SourceDate "2001.01.01"]

1. e4 c5 2. Nc3 d6 3. f4 Nc6 4. Nf3 g6 5. Bc4 Bg7 6. O-O Nf6 7. d3 O-O 8. f5
Nd4 9. Ng5 gxf5 10. Nd5 Nxd5 11. Bxd5 e6 12. exf5 h6 13. f6 Bxf6 14. Ne4 Bg7
15. Bb3 f5 16. Ng3 Qh4 17. Nh5 Qg4 18. Nxg7 Qxd1 19. Rxd1 Kxg7 20. Kf2 Bd7 21.
c3 Nxb3 22. axb3 Bc6 23. Re1 Rf6 24. d4 cxd4 25. cxd4 a6 26. Bf4 Rd8 27. Rac1
Rd7 28. Rc3 Rg6 29. g3 Kf7 30. h4 h5 31. Rce3 Rd8 32. Bg5 Rc8 33. Bf4 Ke7 34.
Rc3 Rgg8 35. Rec1 Kd7 36. b4 Rge8 37. Re1 Bd5 38. Ree3 Rc4 39. Rxc4 Bxc4 40.
Ke1 Bd5 41. Kd2 Rc8 42. Rc3 Rc4 43. Rxc4 Bxc4 44. Kc3 Bd5 45. Kd3 Kc6 46. Bd2
Bg2 47. Bh6 Kd5 48. Bf8 e5 49. dxe5 dxe5 50. Bg7 Bf1+ 51. Ke3 e4 52. Bf6 Kc4
53. Bc3 Bh3 54. Be1 Bg4 55. Bd2 Kb3 56. Bc3 Kc2 57. Be5 Kb3 1/2-1/2

[Event "4NCL/Div2/ATH vs. SWD1"]
[Site "Birmingham ENG"]
[Date "2002.01.19"]
[Round "5.6"]
[White "Richmond, Peter A"]
[Black "Quinn, John M"]
[Result "1/2-1/2"]
[WhiteElo "2240"]
[BlackElo "2174"]
[PlyCount "77"]
[EventDate "2002.01.19"]
[SourceDate "2001.01.01"]

1. e4 c5 2. Nf3 e6 3. d4 cxd4 4. Nxd4 Nc6 5. Nc3 Qc7 6. Be3 a6 7. Be2 Nf6 8. f4
Bb4 9. Bf3 d5 10. exd5 Nxd5 11. Bxd5 Bxc3+ 12. bxc3 exd5 13. O-O O-O 14. f5 f6
15. Bf4 Qf7 16. Qd3 Bd7 17. Nb3 Ne5 18. Qd4 Rfe8 19. Rae1 Bb5 20. Nc5 Bxf1 21.
Rxf1 Rac8 22. Rd1 b6 23. Nxa6 Rc4 24. Qf2 Qh5 25. Rf1 Qxf5 26. Qd2 Qe4 27. Be3
Ng4 28. Bd4 Qe2 29. Qxe2 Rxe2 30. Nb4 b5 31. Nxd5 Kf7 32. h3 Nh6 33. Nxf6 Ke6
34. Nh5 Rxc2 35. Nxg7+ Kd5 36. Nf5 Nxf5 37. Rxf5+ Kc6 38. Rf6+ Kd5 39. Rf5+
1/2-1/2

[Event "4NCL/Div2/ATH vs. SWD1"]
[Site "Birmingham ENG"]
[Date "2002.01.19"]
[Round "5.7"]
[White "Wismayer, Clive R"]
[Black "Johnston, Dafydd"]
[Result "0-1"]
[WhiteElo "2105"]
[BlackElo "2230"]
[PlyCount "102"]
[EventDate "2002.01.19"]
[SourceDate "2001.01.01"]

1. e4 e6 2. d4 d5 3. e5 c5 4. c3 Nc6 5. Be3 Nge7 6. Nf3 Nf5 7. Bd3 Qb6 8. Qd2
Be7 9. dxc5 Bxc5 10. Bxc5 Qxc5 11. Bxf5 exf5 12. Qg5 O-O 13. O-O d4 14. cxd4
Nxd4 15. Nbd2 Be6 16. b3 h6 17. Qh4 Rfd8 18. Rfe1 Rac8 19. Qf4 Qc3 20. Rab1 Qd3
21. Qe3 Qxe3 22. Rxe3 Rc2 23. Nxd4 Rxd4 24. Nf3 Rd5 25. a3 f4 26. Re4 Rc3 27.
Rxf4 Rxb3 28. Rb4 Rxb4 29. axb4 Bg4 30. Rc1 Bxf3 31. gxf3 Rxe5 32. Rc8+ Kh7 33.
Rc7 Rb5 34. Rc4 Kg6 35. Kf1 Kf6 36. Ke2 Ke6 37. Kd3 Kd6 38. Kc3 Rf5 39. Rd4+
Ke6 40. f4 Rh5 41. Rd8 Rxh2 42. f5+ Kxf5 43. Rd7 Ke6 44. Rxb7 Rxf2 45. Rxa7 Kd5
46. Rc7 Rf3+ 47. Kd2 Kd6 48. Ra7 Kc6 49. Ke2 Rf5 50. Ke3 g6 51. Ke4 h5 0-1

[Event "4NCL/Div2/ATH vs. SWD1"]
[Site "Birmingham ENG"]
[Date "2002.01.19"]
[Round "5.8"]
[White "Johnston, Lowri"]
[Black "McKeown, Paul"]
[Result "0-1"]
[WhiteElo "1608"]
[BlackElo "2075"]
[PlyCount "70"]
[EventDate "2002.01.19"]
[SourceDate "2001.01.01"]

1. e4 Nf6 2. Nc3 e5 3. f4 d5 4. fxe5 Nxe4 5. Qf3 Nxc3 6. bxc3 Be7 7. d4 Be6 8.
Bd3 Nd7 9. Ne2 Nf8 10. Bf4 Ng6 11. O-O Qd7 12. Rab1 c6 13. a4 O-O 14. Ng3 f6
15. Qe3 fxe5 16. Bxe5 Nxe5 17. Qxe5 Bf6 18. Qe3 Rae8 19. Nh5 Bd8 20. Rxf8+ Rxf8
21. Nf4 Bf7 22. Re1 Re8 23. Qf2 Rxe1+ 24. Qxe1 Qd6 25. Qc1 Ba5 26. Ne2 Bc7 27.
Ng3 Bg6 28. Bxg6 Qxg6 29. Nf1 Ba5 30. Qe1 h6 31. Qe7 Bxc3 32. Qc5 Qxc2 33. Qxa7
Qb2 34. Qb8+ Kh7 35. Qf4 Bxd4+ 0-1